Score 0/25 Timer 03:00
0 Plays Today
Clue 4-Letter Word % Correct
'The Greatest Story Ever ___'TOLD
97.4%
Fee on a highwayTOLL
96.6%
A dark generic sodaCOLA
96.5%
Not as hot as warmCOLD
95.5%
Morse, e.g.CODE
94.4%
Flower for your valentineROSE
94.4%
Get up from your chairRISE
93.4%
Not a win nor a tieLOSS
92.5%
David's role on 'Friends'ROSS
92.2%
With next rung, sound a clock makesTICK
91.6%
With prior rung, sound a clock makesTOCK
91.2%
ChoosePICK
90.7%
The Stones' 'Honky ___ Woman'TONK
89.4%
Clue 4-Letter Word % Correct
Title club location of a Barry Manilow song•COPA•
81.7%
TV real crime show with 'Bad Boys' themeCOPS
81.2%
49ers Hall-of-Fame wide receiver JerryRICE
80.2%
A concluding musical sectionCODA
80%
___ de galloPICO
77.4%
Cuts offLOPS
76.4%
The pod of a cotton plantBOLL
75.3%
She was a showgirl at the [Rung 11]•LOLA•
73.4%
He wore a diamond and he shot [Rung 25]•RICO•
72.2%
US Olympic gold medal skier MillerBODE
71.9%
The trunk of a treeBOLE
68.5%
Bartender [Rung 1] fell for at [Rung 11]•TONY•
57%

Today's Daily Dose

Remove Ads.
Support Sporcle.
Get the best of Sporcle when you Go Orange. This ad-free experience offers more features, more stats, and more fun while also helping to support Sporcle. Thank you for becoming a member.

You're not logged in!

Compare scores with friends on all Sporcle quizzes.
OR
Log In

Show Comments

Extras

Top Quizzes Today


Score Distribution

Your Account Isn't Verified!

In order to create a playlist on Sporcle, you need to verify the email address you used during registration. Go to your Sporcle Settings to finish the process.

Report this User

Report this user for behavior that violates our Community Guidelines.

Details: